Loading...
Philosophy | 0 | 7 | 1 | 1 | 65 | 40 | 70.86 | 7 | 7 |
Fine Arts - Painting & Sculpture | 0 | 5 | 0 | 0 | 50 | 82 | 86.60 | 3 | 5 |
History - European History | 0 | 5 | 0 | 0 | 50 | 52 | 91.00 | 3 | 5 |
Literature - American Literature | 0 | 5 | 2 | 0 | 40 | 73 | 92.80 | 2 | 5 |
Literature - European Literature | 0 | 4 | 0 | 0 | 40 | 95 | 109.75 | 3 | 4 |
History - American History | 0 | 4 | 1 | 0 | 35 | 62 | 96.00 | 2 | 4 |
Fine Arts - Classical Music | 0 | 3 | 0 | 0 | 30 | 65 | 101.67 | 2 | 3 |
Literature - World Literature | 0 | 4 | 2 | 0 | 30 | 66 | 82.50 | 4 | 4 |
Other | 0 | 3 | 0 | 1 | 30 | 38 | 78.33 | 2 | 3 |
Mythology | 0 | 3 | 1 | 0 | 25 | 109 | 118.67 | 2 | 3 |
History - Other History | 0 | 3 | 1 | 1 | 25 | 90 | 104.33 | 2 | 3 |
Literature - British Literature | 0 | 3 | 2 | 1 | 20 | 85 | 107.00 | 2 | 3 |
Fine Arts - Other Fine Arts | 0 | 2 | 0 | 0 | 20 | 56 | 57.00 | 2 | 2 |
Science - Chemistry | 0 | 2 | 0 | 0 | 20 | 115 | 121.00 | 0 | 2 |
Religion | 0 | 2 | 1 | 0 | 15 | 108 | 118.00 | 1 | 2 |
History - World History | 0 | 2 | 1 | 0 | 15 | 74 | 89.50 | 1 | 2 |
Science - Biology | 0 | 1 | 0 | 0 | 10 | 116 | 116.00 | 0 | 1 |
Science - Physics | 0 | 1 | 0 | 0 | 10 | 83 | 83.00 | 1 | 1 |
Science - Other Science | 0 | 1 | 0 | 1 | 10 | 122 | 122.00 | 0 | 1 |
Social Science | 0 | 0 | 1 | 0 | -5 | 0.00 | 0 | 0 |